02097nam a2200241 i 4500001000700000003000900007005001700016008004100033040002000074100005000094245007100144260005600215300003400271490011200305505097900417530003501396650004001431830003901471852006001510856010401570856009401674856008701768160139ES-MaACL20250816091142.0050721m17681779fr af |||| | fre d aCAM bspa cCAM1 aMorand, Jean-François-Clément,d1726-178412aL'art d'exploiter les mines de charbon de terre / cpar M. Morand. a[Paris : bSaillant, Nyon et Desaint], c1768-1779. a6 v. : bil. ; cFol. (44 cm)1 aDescriptions des arts et métiers faites ou approuvées par Messieurs de l'Académie Royale des Sciences8 aContiene: Première partie ; tDu charbon de terre (XVIII, 196 p., XIII h. de lám.) - Partie 2, Sections 1-3 ; tDe l'extraction, de l'usage et du commerce du charbon de terre ([2], 167-460 p., XIV-XXXVI h. de lám.), 1773 - ; tExplotation, commerce et usage du charbon de terre en France: IIIe section ([2], 461-725 p., XXXVII-LIII h. de lám.), 1774 - Part. 2, 4e sect ; tEssai de théorie-pratique sur l'art d'exploiter les mines ou carrières de charbon de terre et sur les différentes manieres d'employer ce fossile pour les manufectures, atteliers et usages domestiques ([2], 727-1114 p., LIV-LV h. de lám.), 1776 - Part. 2, suite de la 4e sect ; tEssai de théorie pratique sur les différentes manières d'employer le charbon de terre... ([2], XIII, 1115-1356, (44) p., LVII-LVIII* h. de grab.), 1777 - [Part. 3] ; tTable des matières... Explication des planches... et Additions et corrections (II, 1357-1612 p., [1] h. de lám. (LVIII**), 1779 aDisponible en formato digital. 4aCarbón-vObras anteriores a 1800.00aDescriptions des arts et métiers aES-MaACLjR-32-37 z- Enc. hol. x Olim: C-10827-70 uhttp://gallica.bnf.fr/ark:/12148/bpt6k10676462/f17.image zBNF-Gallica (parte 1; parte 2, sec. 1-3) uhttp://gallica.bnf.fr/ark:/12148/bpt6k1069694r?rk=85837;2 zBNF-Gallica (parte 2, sec. 4) uhttp://gallica.bnf.fr/ark:/12148/bpt6k1069696k?rk=107296;4 zBNF-Gallica (parte 3)